[Event "Puchong op 6th"]
[Site "Puchong"]
[Date "2019.08.24"]
[Round "1"]
[White "Nagandran, Ashwindran"]
[Black "Khandhar, Kaushal"]
[Result "0-1"]
[WhiteElo "1347"]
[BlackElo "1965"]
[PlyCount "90"]
[EventDate "2019.08.24"]
[EventType "swiss"]
[EventRounds "6"]
[EventCountry "MAS"]
[SourceTitle "EXT 2020"]
[Source "ChessBase"]
[SourceDate "2019.10.17"]
[SourceVersion "1"]
[SourceVersionDate "2019.10.17"]
[SourceQuality "1"]

1. e4 e6 2. d4 d5 3. exd5 exd5 4. Nf3 Bd6 5. Bd3 Nc6 6. c3 Nge7 7. Qc2 h6 8. 0-0 Bg4 9. Nbd2 Qd7 10. Re1 0-0-0 11. b4 Bf5 12. Nb3 Bxd3 13. Qxd3 Qf5 14. Qb5 Rde8 15. Nc5 Bxc5 16. bxc5 a6 17. Qb2 f6 18. Rb1 Na5 19. Be3 Nec6 20. Nd2 Kd7 21. Rec1 Qd3 22. Rd1 g5 23. Nb3 Qh7 24. Nd2 f5 25. Nf1 f4 26. Bd2 Re2 27. Re1 Rhe8 28. Rxe2 Rxe2 29. Re1 Nc4 30. Qc1 Qd3 31. Rxe2 Qxe2 32. Qe1 f3 33. gxf3 Qxf3 34. Ne3 Ne7 35. Nxc4 dxc4 36. Qe3 Qd1+ 37. Kg2 Nf5 38. Qh3 Ke6 39. Be3 Kf6 40. Qf3 Qe1 41. Qxb7 Nh4+ 42. Kh3 Qf1+ 43. Kg3 Nf5+ 44. Kg4 h5+ 45. Kf3 Qh1+ 0-1